L'electricite apliquée aux arts mécaniques, a la marine, au théatre / (Record no. 164306)

MARC details
000 -LEADER
campo de control de longitud fija 00616nam a22001575i 4500
001 - NÚMERO DE CONTROL
campo de control 164306
003 - IDENTIFICADOR DE NÚMERO DE CONTROL
campo de control ES-MaACL
005 - FECHA Y HORA DE LA ÚLTIMA TRANSACCIÓN
campo de control 20230906212918.0
008 - DATOS DE LONGITUD FIJA--INFORMACIÓN GENERAL
campo de control de longitud fija 960606s1871 fr a |||| | fre d
040 ## - FUENTE DE CATALOGACIÓN
Centro catalogador/agencia de origen CYL
Lengua de catalogación spa
Centro/agencia transcriptor CYL
100 1# - ENTRADA PRINCIPAL--NOMBRE DE PERSONA
Nombre de persona Saint-Edme, Ernest.
9 (RLIN) 132281
245 12 - MENCIÓN DEL TÍTULO
Título L'electricite apliquée aux arts mécaniques, a la marine, au théatre /
Mención de responsabilidad, etc. par Ernest Saint-Edme.
260 ## - PUBLICACIÓN, DISTRIBUCIÓN, ETC.
Lugar de publicación, distribución, etc. Paris :
Nombre del editor, distribuidor, etc. Gauthier-Villars,
Fecha de publicación, distribución, etc. 1871.
300 ## - DESCRIPCIÓN FÍSICA
Extensión XI, 234 p. :
Otras características físicas il. ;
Dimensiones 21 cm.
852 ## - LOCALIZACIÓN
Ubicación ES-MaACL
Nota libre T-675-F-1
-- -- Enc. hol., conservando la cub. original
-- -- Enc. en un vol. facticio
Encuadernación -- Edic.: añadir T650 Electricidad
Holdings
Estatus retirado Estado de pérdida Estado de daño No para préstamo Colección Biblioteca de origen Biblioteca actual Ubicación en estantería Fecha de adquisición Total de préstamos Signatura topográfica completa Código de barras Visto por última vez Precio de reemplazo Tipo de ítem Koha
        Colección de folletos Biblioteca del Ateneo de Madrid Biblioteca del Ateneo de Madrid Depósito folletos 17/01/2008   T-675-F-1 1172220 23/02/2023 23/02/2023 Folleto